Rise of Kingdom: peerless scholar - Statistics

General Stats
  • This quiz has been taken 6 times
  • The average score is 3 of 10
Answer Stats
Hint Answer % Correct
Which state is home to the Walt Disney Company? California
100%
First created in Ancient Greece, to which profession does Hippocratic oath apply? Doctors
100%
What is the center of a hurricane called? Eye
100%
Which country in Asia overlaps with the former Parthian empire? Iran
100%
Which commander is reputed to have said “I came, I saw, I conquered”? Julius Cesar
100%
"What two countries together made up the ""Iberian Union""?" Portugal and Spain
100%
In which country is the mysterious Stonehenge located? United Kingdom
100%
The two capitals of Austria - Hungary were Budapest and? Vienna
100%
Who led the Kingdom of Prussia in the Seven Years War? Frederick II
50%
What is the troop health bonus you can get from a fully upgraded Hospital? 1%
0%
Without using buffs, how many action points can a governor have? 1
0%
How much will an Enhanced Attack (Advanced) item increase your attack? 10%
0%
How many action points can a governor have? 1000
0%
What are the dimensions of the fog cleared by a Kingdom Map item? 10x10
0%
What is the conversion ratio of amperes (A) to milliamperes (mA)? 1/1000
0%
How long did the Hundred Years war last? 116 years
0%
In which year did Richard and Saladin sign a truce? 1192
0%
In which year did Richard the Lionheart and Saladin sign a truce? 1192
0%
"Held in 1929, how long did the first Academy Awards (""Oscars"") ceremony take?" 15 minutes
0%
When did the War of Austrian Succession take place? 1740 – 1748
0%
When is the declaration of independence? 1776
0%
When was the Declaration of Independence written? 1776
0%
In which year was the Napoleonic Code established? 1804
0%
In which year was the first Wimbledon Tennis Championship held? 1877
0%
"In what year did Einstein publish his four Annus Mirabilis (""Miracle Papers"")?" 1905
0%
Which year was Soviet Union established? 1922
0%
In which year did Alexander Fleming discover penicillin? 1928
0%
"In which year was the first edition of ""The Diary of Anne Frank"" published?" 1947
0%
"In the Commander View page , what buff do commanders acting as a ""Charge Captain"" get?" +1% Rally Attack & Rally Troop March Speed
0%
"In the Commander View page, what buff do commanders acting as a ""drillmaster"" get?" +1% Troop Attack
0%
"In the Commander View page , what buff do commanders acting as a ""King Head"" get?" +1% Troop Defense and Health
0%
"In the Commander View page , what buff do commanders acting as a ""Iron Guard"" get?" +1% Troop Health
0%
In the Commander View page , what buff do commanders acting as a “Bloodfist Guard” get? 1% Troop health
0%
how many times is the character 1 used when you write from numbers 1 to number 99? 20
0%
How many VIP points can you buy with 200 gems? 200
0%
In which year was the Battle of Guandu? 200
0%
How many bones does an adult human have? 206
0%
"One ""day"" on the planet Venus is approximately equal to how many earth days?" 243 days
0%
What is the highest level a City Hall can reach in Rise of Kingdoms? 25
0%
How many letters are used in today’s version of English? 26
0%
How long does the item Builder Recruitment last? 2 days
0%
What is the duration of the Builder Recruitment item? 2 days
0%
What is the default rallied troop capacity when your castle is level 25? 2 million
0%
Since its founding in 1863, how many times has the International Comittee of the Red Cross won the Nobel Peace Prize? 3
0%
How many reward chests are awarded for reaching 60 daily activity points? 3
0%
How many times can you receive alliance help if your alliance center is level 25? 30
0%
Equipment with special talent bonuses will have their attributes enhanced by what percentage when equipped to a commander with the corresponding talent? 30%
0%
Ancient Egyptian history spans how many kingdoms? 3 - Old, Middle, New
0%
How many fingers does the cartoon character mickey mouse have on each hand? 4
0%
When a governor's city hall reaches level 25, how many farms can they build? 4
0%
How many separate khanates or empires had the Mongol Empire fractured into by the time of Kublai's death in 1294? 4
0%
How many olympic gold medals did African-American Jesse Owens win in 1936? 4
0%
How many years are there between each Winter Olympic Games? 4
0%
How many troops can governors send with a level 17 City Hall or above? 4
0%
What is the length of a marathon in kilometers? 42.2 Km
0%
"How long does the ""Basic Army Expansion"" boost last?" 4h
0%
How many phases are there in The Mightiest Governor event? 5
0%
How many Elite Commanders are there in the game? 5
0%
How much will an Enhanced Gathering item increase your gathering speed? 50%
0%
How many daily Activity Points do you need in “Lucerne Scrolls” to claim the Daily Gift clue reward? 50
0%
"In the Commander View page , what buff do commanders acting as a ""Tax Officer"" get?" +5% Gathering Speed
0%
"In the Commander View page , what buff do commanders acting as a ""Supply Captain"" get?" +5% Gathering Speed and Troop Load
0%
What is the default transportation capacity if your trading post is Level 25? 5 million
0%
"In the Commander View page , what buff do commanders acting as a ""Ranger"" get?" +5% XP Gain & Damage vs. Barbarians (none of these answers)
0%
How many items of the same quality should I equip to complete “Ready for battle”? 6
0%
In Morse code, what is the length in dots between two words? 7
0%
In Ark of Osiris, how many teleports does the first alliance to occupy an obelisk earn? 8
0%
During the Trojan War, which Greek warrior killed Hector? Achilles
0%
Who killed Hector and how Achilles die? Achilles; Arrow though his heel
0%
In most cases, which kind of lion has a mane? Adult male
0%
What race of creatures, mythical or otherwise, lived on Asgard according to Norse myth? Aesir
0%
Which commander is known as the Lady of the Mercians? Æthelflæd
0%
On which continent is the human race generally thought to have originated? Africa
0%
serval Africa
0%
On which continent did the serval first live? Africa
0%
What did Spartacus do as a slave before leading the biggest slave rebellion of Ancient Rome? A gladiator
0%
Egypt's economy was primarily based on what? Agriculture
0%
Egypt’s economy was primarily based on? Agriculture
0%
A decrease in which of the following metrics might indicate increasing nearness to a state of vacuum? Air pressure
0%
Why was scurvy once a common problem for sailors? A lack of fresh fruit and vegetable on long voyages
0%
Who is the first Italian to receive the “Pritzker Architecture Prize”? Aldo Rossi
0%
Which of the following is an economic building? Alliance Center
0%
The Punic Wars were fought by Ancient Rome and what other Ancient Empire? Ancient Carthage
0%
Hieroglyphs were part of which country’s formal writing system? Ancient Egypt
0%
Which Civilization was the first to have public toilets? Ancient Rome
0%
"Which Dutch Scientist is know as ""the father of microbiology""?" Antonie van Leeuwenhoek
0%
In Greek mythology, to whom did Paris the prince of troy give golden apple inscribed with to the most beautiful goddess? Aphrodite
0%
What caused the death of Pericles? A plague.
0%
What caused the death of the outstanding statesmen and military strategist, Pericles? A plague
0%
Which unit strong against infantry? Archer
0%
Unit type strong against Infantry? Archer
0%
Which Ancient Greek physicist famously discovered the concept of buoyancy while taking a bath? Archimedes
0%
Who is the “God of War” in ancient Greek mythology? Ares
0%
In Ancient Greece, which philosopher liked to discuss ideas on a street which then got the nickname Peripatetic School? Aristotle
0%
Galileo's Leaning Tower of Pisa experiment overturned a theory of which Ancient Greek scientists? Aristotle
0%
What did Theodorus van Gogh, the younger brother of famed Dutch painter Vincent Van Gogh, do for a living? Art Dealer
0%
Which mammalian order does Suidae belong to? Artiodactyla
0%
In Norse Mythology, what variety of trees was the World Tree? Ash
0%
Where did Genghis Khan start building his Mongolian Empire? Asia
0%
Who is the patron and protector of Athens in ancient Greek mythology? Athena
0%
What is commander Osman I good at? Attacking Cities
0%
What is the Commander Hannibal Barca good at? Attacking cities
0%
Which of the following does NOT give commanders EXP? Attacking other players
0%
Which commander is nicknamed the Father of Conquest? Baibars
0%
Which is the smallest known snake species? Barbados threadsnake
0%
Which title did Pierre de Coubertin, founder of the International Olympic Committee, hold ? Baron
0%
Which Portuguese explorer was the first European to sail to the southern tip of Africa? Bartolomeu Dias
0%
Which one of these animals does NOT lay eggs? Bat
0%
Legendary commander of the Joseon dynasty, Yi Sun-sin, sacrificed his life in which famous battle? Battle of Noryang
0%
Why are advantageous traits more likely to be passed onto offspring? because they are more likely to survive and produce...
0%
Who led Kingdom of the Vandals and Alans in Vandalic War? Belisarius
0%
The Golden Bear Award is given out at which film festival? Berlin Film Festival
0%
What is the name of the renewable energy derived from burning organic materials such as wood and alcohol? Biomass energy
0%
During the Renaissance, why was Florence significant? Birthplace of the Renaissance
0%
What color is a polar bears skin? Black
0%
What was the famous speech by Otto von Bismarck regarding in 1862? Blood and Iron
0%
Which of the following speeches was made by the Prussian Prime Minister Otto von Bismarck in September of 1862? Blood and Iron
0%
What is the largest animal on the planet? Blue whale
0%
Which technology comes before Pavise? Bodkin Arrows
0%
Turkish strait crisis divide Europe and Asia Bosporus
0%
Where do adaptations come from? Both mutations and Genetic recombination.
0%
Which of the following did Desiderius Erasmus and Thomas More have in common? Both were considered humanists
0%
Which commander was known as the Celtic Rose? Boudica
0%
Of the following, which is most likely to have directly led to the Bronze Age? Bronze is harder and more durable than other metals available at the time.
0%
Which of the following is most likely to have directly led to the bronze age? Bronze is harder and more durable than other metals available at the time
0%
Which if the following buffs can take effect during Sunset Canyon battles? Buffs from equipment
0%
How do you get Alliance Technology credits? By donating to the Alliance
0%
Which civilization offers increased hospital capacity? Byzantine.
0%
Which of the following was also known as the Eastern Roman Empire? Byzantine Empire
0%
In ROK, the Cataphract is which civilization’s special unit? Byzantium
0%
Which of the following commanders excels at attacking enemy cities? Caesar
0%
Which of the following is not part of Mexico's flag.? Camel
0%
Where did the final battle between King Arthur and Mordred take place according to Arthurian legend? Camlann
0%
Which of the following commanders was part of the Battle of Red Cliffs? Cao Cao
0%
Which commander is known as the Conqueror of Chaos? Cao Cao
0%
Of the below commanders, which is best suited to lead troops AGAINST archer enemies? Cao Cao
0%
Which gas makes up more than 90% of Mars' atmosphere? Carbon Dioxide
0%
Which of these is used to rally alliance troops? Castle
0%
Which unit type is strong against Archers? Cavalry
0%
Which of the following is NOT one of Matilda of Flanders' skills? Celtic Blood
0%
Which of the following is NOT one of Matilda of Flanders’ skills? Celtic Blood
0%
In Greek mythology, what was the name of Hades' 3-headed dog which guarded the gates of the Underworld Cerberus
0%
Which part of the brain will alcohol affect? Cerebellum
0%
Which of the following is NOT one of Pelagius passive skills? Charge
0%
Who was believed to be the prototype of king of hearts in poker? Charlemagne
0%
Which of these Commanders gets the ability to convert some slain units into severely wounded units when attacking a city? Charlemagne
0%
Which of these commanders gets the ability to convert some slain units? Charlemagne
0%
Who was the only king of England to be executed? Charles I
0%
Which commander showed their military genius in the Battle of Poitiers in the 8th century AD? Charles Martel
0%
Which commander showed their military genius in the Battle of Tours in the 8th century AD? Charles Martel
0%
Which commander showed their military genius in the Battle of Tours in the 8th century AD? Charles Martel
0%
Which of the following commanders was effectively the ruler of their kingdom, but never officially the head of state? Charles Martel
0%
Which commander is known as “The Immortal Hammer”? Charles Martel
0%
Who “owns” Easter Island? Chile
0%
While Gutenberg introduced the printing press in Europe, his invention was influenced by which country, the first to develop a moveable type? China
0%
Movable type was first used in which country? China
0%
Which of the following is NOT one of El Cid's skills? Chivalry
0%
"The ""El Nino"" phenomenon is named after which of these festivals?" Christmas
0%
"Which art group is known as a ""National Treasure"" of Canada?" Cirque du Soleil
0%
"The Renaissance was a ""Rebirth"" of" Classical Culture
0%
Who was the last female Pharaoh of the Ptolemy Dynasty? Cleopatra VII
0%
Which of the following commander excels at gathering resources? Cleopatra VII
0%
Which of the following is not a natural resource? Clothes
0%
Which of these is not a natural resource? Clothing
0%
Which of the following is a name for sedimentary rock formed from decayed plant materiel in swampy areas? Coal
0%
Which beverage was invented by American pharmacist John Pemberton? Cola
0%
What's the primary cause of the formation of the Himalayas? Collision between plates
0%
Which honorary rank was the founder of Kentucky Fried Chicken (KFC) given? Colonel
0%
Which of these is NOT considered one of the “Five Good Emperors” of the Nerva-Antonine dynasty of ancient Rome? Commodus
0%
Which of the following commanders joined a rebellion against her own husband? Constance
0%
Which emperor issued the Proclamation of Milan? Constantine I
0%
Where was the rallying point for the First Crusade? Constantinople
0%
In which city is Denmark's statue of The Little Mermaid located? Copenhagen
0%
Which of these alliance officers bestows a Research Speed boost? Counsellor
0%
Which of these alliance officers bestows a Research Speed boost? Counsellor
0%
Which of the following buildings cannot be upgraded? Courier Station
0%
Who commanded the New Model Army founded by Parliament during the English Civil War? Cromwell
0%
Which script was the Code of Hammurabi engraved onto stone in? Cuneiform
0%
Which script was the Code of Hammurabi engraved onto stone in? Cuneiform
0%
Which country was the first to invent perfume? Cyprus
0%
Who founded the first Persian Empire? Cyrus the Great
0%
Edward VIII became King of England in January 1936. Later in the same year, in which month did he give up the throne? December
0%
Edward VIII became King of England in January 1936. Later in the same year, in which month did he give up the throne? December
0%
Edward VIII became King of England in January 1936. Later in the same year, in which month did he give up the throne? December
0%
Which of the following awards daily activity points? Defeating barbarian troops on the map
0%
The Bastille, a prison once located in the center of Paris, France, originally served what purpose? Defensive fortress
0%
The flag of which country holds the world record of being the oldest continuously used national flag? Denmark
0%
In which country was Carlsberg Group, a leading brewer, founded in 1847? Denmark
0%
Which of the following factors allows certain mixed drinks to be layered? Density
0%
"Who proposed the philosophical idea of ""I think, therefore I am""?" Descartes
0%
Official measure Martin Luther Diet of Worms
0%
What outstanding contribution to science won biologist Karl Landsteiner the Nobel Prize? Discovering the human blood groups
0%
What outstanding contribution to science won biologist Karl Landsteiner the Nobel Prize? Discovering the human blood groups
0%
karst landform cause dissolution of soluble rocks
0%
What is a light year a measure of? Distance
0%
Mutations are a change in what? DNA
0%
Which of the following kingdom title descriptions are INCORRECT? Dukes have increased troops attack
0%
Which type of natural disaster is measured using the Richter scale? Earthquake
0%
Darwin's las book primarily discussed which species' influence on soil? Earthworms
0%
Official measure Martin Luther Edict of Worms
0%
Which official measure made it a crime to give Martin Luther food or shelter? Edict of Worms
0%
Where is the Capital of Scotland? Edinburgh
0%
Who was the first of Henry VIII's children to rule England? Edward VI
0%
The “Windsor knot” was made popular by which king of England? Edward VIII
0%
Which country is not in Europe? Egypt
0%
Which is recognized by the Guinness Book of World Records as having the largest cumulative circulation of any single-author comic? Eiichiro Oda / One Piece
0%
Which of the following were born in the same year as singer Luciano Pavarotti? Elvis Presley
0%
Which emperor was named the “Khan of Heaven” by various Turkic nomads during the Sui and Tang dynasties? Emperor Taizong of Tang
0%
Which of the following is a Phase of the Mightiest Governor? Enemy Elimination
0%
The 1000 point achievement chests includes: Epic Commander sculpture
0%
In Ark of Osiris, where are you supposed to take the Ark? Escort the Ark to a non-enemy building
0%
"Which ancient Greek scholar laid the foundations for future European mathematics and authored the ""Elements"" of geometry?" Euclid
0%
How often is the FIFA World Cup held? Every 4 years
0%
Which of the following wasn't a benefit from being a Scribe of Ancient Egypt? Except from medical paid sick lead
0%
In ancient Egypt, which of the following was NOT a privilege of being a 'Scribe'? Exempt from paying medical expenses if sick
0%
Which part of the human body contains mostly water? Eyeballs
0%
In Greek Mythology, what is the relationship between Zeus and Hermes? Father and son
0%
What was the relationship between the famed generals Tolui and Genghis Khan? Father and son
0%
In most cases, what kind of mosquitoes will drink animal blood? Female mosquitos
0%
Who kills Odin, the king of the gods, during Ragnarok in Norse mythology? Fenrir
0%
What is the main purpose of white blood cells in the human body? Fighting Infection and disease
0%
Which of the following nations is the closest to the North Pole? Finland
0%
The process of splitting atoms is known as Fission
0%
Which type of holy sites grant troop attack bonuses? Flame Altar
0%
Which of the following is not a characteristic of renaissance art? Flat/Two-dimensional
0%
Which of the following is a nonrenewable energy source (such as coal, oil, or natural gas)? Fossil Fuel
0%
Which country gave the Statue of Liberty ti American people as a gift? France
0%
In 1998, the 16th FIFA World Cup was held in which country? France
0%
The Throwing Axeman is which civilization's special unit? France
0%
In RoK, the Throwing Axeman is which civilization's special unit France
0%
In which country was the Somme, the most infamous battlefield in World War I, located? France
0%
What is the nationality of Pierre de Fermat, who proposed Fermat’s Last Theorem? France
0%
Which country was England fighting during the Battle of Agincourt? France
0%
France and Germany were both once part of what feudal Kingdom? Francia
0%
Who was the last emperor of the Holy Roman Empire? Francis II
0%
Which of the following was written by Mary Shelley? Frankenstein
0%
Which of the following was written by Mary Shelley? Frankenstein
0%
Who wrote the well-known science fiction series “Dune” Frank Herbert
0%
Who was the only US President that served more than 2 terms? Franklin D. Roosevelt
0%
Which commander is known as Barbarossa? Frederick I
0%
Who is the 'god of love' in Norse mythology? Freyja
0%
The process Of combining atoms is known as what? Fusion
0%
China's crosstalk sketch comedy format originates in three places: Tianqiao in Beijing, the Quanty Bazaar in Tianjin and where in Nanjing? Fuzimiao
0%
"Whose autobiography ""Living to Tell the Tale"" won them the Nobel Prize in Literature?" Gabriel García Márquez
0%
Which Roman Emperor was named Augustus after ending a civil war? Gaius Octavius
0%
Who was the first Emperor of Rome? Gaius Octavius Augustus
0%
The kingdom title 'Queen' increases which of the following? Gathering Speed
0%
Mutations are important because they bring about what? Genetic Variation needed for a population to evolve
0%
Who was the founder of the Mongolian Empire? Genghis Khan
0%
Which of the following is an inexhaustible energy resource that relies on hot magma or hot dry rocks below ground? Geo
0%
Who wrote the opera Carmen? Georges Bizet
0%
From the 17th to 19th centuries, the Kingdom of Prussia was mostly in which modern country Germany
0%
What is the location of the mysterious stoneage? Germany
0%
The zeppelin was invented by engineers from which country? Germany
0%
Which civilization gives a 5% attack bonus to cavalry units? Germany
0%
Which of the following does not award Individual Credits? Giving resources to allies.
0%
Before leading the biggest slave rebellion of Ancient Rome, what was Spartacus? Gladiator
0%
What is the name of the revolution in 1688 which established the British constitutional monarchy? Glorious Revolution
0%
In Greek mythology, what is the Goddess Eos known as? Goddess of the Dawn
0%
The three kingdoms of Korea where Baekje, Silla, and? Goguryeo
0%
Which of the following can NOT be found in Alliance Shops? Golden Key
0%
"What's does the ""Skillful Craftsman"" alliance skill do when used?" Greatly increases alliance flag construction speed.
0%
Which of the following is the world's largest island? Greenland
0%
The “Day of the Tiles” is regarded by some historians to mark the beginning of the French Revolution. In what city did it take place? Grenoble
0%
Which musical instrument has six strings? Guitar
0%
What is the only known short-period comet that is regularly visible to the naked eye from Earth? Halley's Comet
0%
The novel Romance of the Three Kingdoms begins near the end of which Chinese dynsasty? Han
0%
The novel Romance of the Three Kingdoms begins near the end of which Chinese Dynasty Han
0%
Who is the commander considered an enemy of Rome since childhood? Hannibal Barca
0%
Which commander is nicknamed Carthage's Guardian? Hannibal Barca
0%
Which commander was considered an enemy of Rome from an early age? Hannibal Barca
0%
National emblem of Ireland Harp
0%
Which of these effect is NOT caused by Aethelflaed’s skills? Healing slightly wounded units
0%
In Ark of Osiris which speedup can be used? Healing Speed Up
0%
When Achilles refuses to fight, Patroclus puts on Achilles armor, fights the trojans, and dies, who is Patroclus killed by? Hector
0%
Whose beauty is said to have been the cause of the Trojan War? Helen
0%
The Colossus of Rhodes depicts which god of the sun? Helios
0%
Which demigod captures Cerberus, the “three-headed hound of Hades”, according to Greek mythology? Hercules
0%
Of the below commanders, which is best suited to lead troops against infantry enemies? Hermann
0%
Which commander’s active skill can inflict silence Hermann
0%
Which military commander was known as “Teutoburg’s Liberator”? Hermann
0%
Which German psychologist discovered the human brain's forgetting curve? Hermann Ebbinghaus
0%
Henry I took the throne of Englnd in the year 1100 after which relative died? His Brother
0%
In Greek mythology, what was Achilles' only weak point? His heel
0%
The “Dragonfly Cutter” was the weapon of choice of which legendary warrior? Honda Tadakatsu
0%
Which of the following is an accurate description of the Mediterranean climate? Hot, dry summers and cool, wet winters.
0%
Which of the following was a Renaissance intellectual movement in which thinkers studied classical texts and focused on human potential and achievements? Humanism
0%
What is the name for electricity produced by water using large dams in a river? Hydroelectric energy
0%
What is the name for electricity produced by water power using large dams in a river? Hydroelectric power
0%
Where was Pablo Picasso born? Iberia
0%
Which of these active skills belongs to Charles Martel? Immortal Shield
0%
Where was commander Lohar born? In a remote barbarian tribe.
0%
Where was the World Heritage Terracotta Army found? In a royal mausoleum
0%
What benefit does researching “Mathematics” in the Academy provide? Increased research speed
0%
Which buff can be acquired from occupying a Sanctum of Courage? Increase EXP gained by commanders
0%
Advantages of Johannes Gutenberg's printing press include all of the following except Increase in church power
0%
"What does alliance skill ""fully loaded"" do?" Increases alliance members' gathering speed for one type of resource.
0%
Which of the following is NOT one of Mulan's skills? Indomitable Army
0%
Which unit type is strong against Cavalry? Infantry
0%
Which unit gains a strong benefit from Sun Tzu’s Master Strategist’ skill? Infantry
0%
Northern Humanists like Erasmus were most commonly known for what? Interest in religion and social form
0%
Insufficient intake of which element may case thyromegaly? Iodine
0%
old part empire now on which asian country lands Iran
0%
Which of the following is considered a metallic resource? Iron
0%
Which technology comes before Swordsman? Iron Working
0%
Which one of the following is not one of Hermann's skills? Irresistible
0%
Who was the leader of the Western Army during the Battle of Sekigahara, which took place during Japan’s Sengoku period? Ishida Mitsunari
0%
Where did the renaissance begin? Italy
0%
Which nation was NOT involved in the Battle of Waterloo? Italy
0%
Which country did the famous poet Dante Alighieri come from? Italy
0%
In what country did the “Battle of Marengo” take place? Italy
0%
Which of these is an incorrect description of the “Mare Imbrium” on the moon? It contains a certain amount of sedimentary water
0%
Why does drinking coffee make people feel more awake? It contains caffeine
0%
Which of the following is the correct description for the stratosphere? It is warm above and cold below
0%
In Russian history, what nickname was the first Tzar given for their tyranny? Ivan the Terrible
0%
Where did reggae music originate? Jamaica
0%
In which country were instant noodles first invented? Japan
0%
In Greek mythology, which hero requested for the Golden Fleece? Jason
0%
In Greek mythlogy, which hero quested for the golden fleece? Jason
0%
Which of the following commanders was part of the hundred years war? Joan of Arc
0%
Which artist painted the world-famous “Girl with a Pearl Earring”? Johannes Vermeer
0%
Who invented the printing press? Johann Gutenberg
0%
Who first implemented the Julian Calendar in Rome? Julius Caesar
0%
Who instituted the Julian Calendar? Julius Caesar
0%
Which planet in our solar system rotates the fastest? Jupiter
0%
Which of the following is not one of the Fates of Norse mythology? Karma
0%
Wales officially became part of the Kingdom of Great Britain during the reign of which King? King Henry VIII
0%
In ROK, the Hwarang is which civilization’s special unit? Korea
0%
Which commander is commonly regarded as having exemplified the ideal of the “Bushido Spirit”? Kusunoki Masashige
0%
Which of these is one of Minamoto no Yoshitune’s “Active Skill”? Kyohachiryu
0%
Lactose intolerance is caused by a shortage of what? Lactase
0%
Which of the following was a Knight of the Round Table? Lancelot
0%
Queen Guinevere fell in love with which Knight of the Round Table according to Arthurian legend? Lancelot
0%
What is Belisarius' nickname? Last of the Romans
0%
Which of the following resources cannot be found in your jeans? Lead
0%
Who is the King of the Kingdom? Leader of the alliance that conquers the lost temple
0%
What is Commander Hermann good at? Leading Archers
0%
What is commander Keira good at? Leading archers
0%
What is Commander Lancelot good at? Leading cavalry units
0%
What is Commander Baybars good at? Leading cavalry units
0%
The military leader Charles Martel was NOT known for which of the following? Leading cavalry units
0%
What is commander Sun Tzu good at? Leading city garrisons.
0%
What is Commander Eulji Mundeok good at? Leading infantry units
0%
Cactus spines are actually a modified form of which other part of the plant? Leaves
0%
Which of the following works was written by the French playwright Pierre Corneille? Le Cid
0%
Who painted The Last Supper? Leonardo Da Vinci
0%
Who painted the Mona Lisa? Leonardo da Vinci
0%
At which VIP level do you permanently unlock a second building queue? Level 6
0%
In which UK city were The Beatles founded in 1960? Liverpool
0%
Which commander is nicknamed the Roaring Barbarian? Lohar
0%
Which of the following cities was the first to have an underground rapid transit system? London
0%
Which modern-day city was Shakespeare's Globe Theater built in? London
0%
Which modern-day city was Shakespeare's Globe Theater built in? London
0%
"Which of the following achievements must be completed before the ""Special Snowflake"" achievement?" Long-range strike
0%
Which of these is the National Flower of India? Lotus
0%
Which French monarch was known as Saint Louis? Louis IX
0%
Which of the following French Kings was known as the Sun King? Louis XIV
0%
Who was the first consul of the Roman Republic? Lucius Junius Brutus
0%
Which of the following can not be found in a Silver Chest at the tavern? Lvl. 3 Tome of knowledge
0%
"""The end justifies the means"" was a key belief of the author of ""The Prince"". What was his name?" Machiavelli
0%
"""The end justifies the means"" was a key belief of the author of ""The Prince"". What was his name?" Machiavelli
0%
Who initiated the first Salt March? Mahatma Gandhi
0%
Who initiated the first Salt March? Mahatma Gandhi
0%
Which of these countries does the Prime Meridian pass through? Mali
0%
Which of the following was not a pillar of the Renaissance? Mannerism
0%
When is the International Day of Forests? March 21
0%
Which European wrote the first travelogue detailing China's history, culture, and art? Marco Polo
0%
Who was the first woman to win a Nobel Prize? Marie Curie
0%
"Who gave the famous ""I Have a Dream"" speech?" Martin Luther King Jr.
0%
Ashoka the Great was the king of which Ancient Indian kingdom? Maurya
0%
The great Asoka, which was the king of the ancient Indian kingdom Maurya
0%
Ashoka the great was the king of which ancient kingdom? Maurya Dynasty
0%
When is the World No Tobacco Day? May 31
0%
Which famous and influential family did the famous Renaissance art patron Duke Lorenzo belong to? Medici
0%
What was another usage of gin, aside from being a popular drink, in the 18th century? Medicine
0%
What did Che Guevara study in college? Medicine
0%
Wealthy family in Florence Medicis
0%
Which commander was in charge of capturing Constantinople at the age of 21? Mehmed II
0%
Which of the below figures were not Knights of King Arthur’s Round Table? Merlin
0%
Which artist designed St. Peter's Basilica in the Vatican? Michelangelo
0%
Which of the following technologies precedes “Horsemanship”? Military Discipline
0%
With whom did Minamoto no Yoshitsune raise an army to fight Taira no Kiyomori? Minamoto no Yoritomo
0%
Who founded the Kamakura shogunate? Minamoto no Yoritomo
0%
Which commander is known as Kamakura's warlord? Minamoto no Yoshitsune
0%
hich of the following commanders excels at leading Calvary? Minamoto no Yoshitsune
0%
Which of the following commanders excels at leading cavalry? Minamoto no Yoshitsune
0%
To whom did India give title mahatma? Mohandas Karamchand Gandhi
0%
In the Book of Exodus, who leads the Jewish people to the Promised Land? Moses
0%
The Mughal Empire carried Islam to where? Most of India
0%
How was the Gutenberg Bible put into mass production? Movable type printing press
0%
Which musician composed “The Marriage of Figaro”? Mozart
0%
Who was the Emperor of the First French Empire? Napoleon Bonaparte
0%
Who was the emperor of the first French Empire? Napoleon Bonaparte
0%
Which of the following is a fossil fuel formed from marine organisms that is often found in folded or tilted layers and used for heating and cooking? Natural Gas
0%
Which of the following is a term for a valuable material of geologic origin that can be extracted from the earth Natural Resources
0%
what is the name for the phenomenon by which organisms that are better adapted to the environment survive to pass traits to their offspring? Natural Selection
0%
Which of the following marine species has existed the longest? Nautilus
0%
On its tragic maiden voyage, what was the Titanic's intended destination? New York
0%
Who was the last emperor of All Russia? Nicholas II
0%
Who wrote “Human, All Too Human”? Nietzsche
0%
Which of the following is NOT one of the major greenhouse gases in earth's atmosphere? Nitrogen
0%
Which of the following countries is located entirely in the Northern Hemisphere? None of these answers are correct
0%
Which of the following is an alternative energy source based on splitting heavy atoms into lighter ones to release energy? Nuclear energy
0%
Which of the following is NOT one of Osman I's skills? Oblique Tactics
0%
Which of the following does the green Olympic Ring represent? Oceania
0%
In Norse mythology, who wielded the weapon Gungnir? Odin
0%
"Who made the idea ""Troy""?" Odysseus
0%
Who came up with the Trojan horse idea? Odysseus
0%
Who came up with the Trojan Horse idea? Who won the Trojan War? Odysseus; The Greeks
0%
Who defeated the Sphinx according to Greek legend? Oedipus
0%
Which of the following is a liquid fossil fuel formed from marine organisms that is burned to obtain energy and used to manufacture plastics? Oil
0%
What is a monotheist? Only believe in one god.
0%
Where do most hurricanes start? On the Open Seas
0%
Which landmark in Sydney, Australia is shaped like sails? Opera House
0%
"Who authored the novel ""No Longer Human""?" Osamu Dazai
0%
Which of the following civilizations increase the damage of active commander skills by 5%? Ottomans
0%
What is the most abundant element in the earth’s crust? Oxygen
0%
The air often feels fresher after a thunderstorm because it has been enriched with which gas? Ozone
0%
Which historical figure is entombed in Palenque's Temple of the Inscriptions? Pakal the Great
0%
Where did King Louis XIV of France move the royal Court to in 1682? Palace of Versailles
0%
Where did king Louis XIV of France move to royal court to in 1682? Palace of Versailles
0%
"In which English palace did the ""Star Chamber"" sit?" Palace of Westminster
0%
How did Saladin change the Middle East? Palestine
0%
Who was the first human woman created by Hephaestus in Greek mythology? Pandora
0%
Egyptians made paper from which material? Papyrus
0%
"Who founded the ""Malacca Sultanate""?" Parameswar
0%
Who founded the “Malacca Sultanate”? Parameswara
0%
Which of these cities hosted the Olympics in 1900? Paris
0%
Which of these items can NOT be purchased within the Mysterious Merchant’s Boutique? Passport Page
0%
Which of these navigators was the first European to arrive in Brazil? Pedro Alvares Cabral
0%
Who founded the Kingdom of Asturias? Pelagius
0%
Who was praised by his countryman as ancient Greece's best and most honest democratic representatives? Pericles
0%
which of the following was praised by his countrymen as Ancient Greece's best and most honest democratic representative? Pericles
0%
In ancient Greek mythology, who was the wife of Hades, the king of the underworld? Persephone
0%
Which country did Zarathustra, of the tone poem “Thus Spoke Zarathustra”, come from? Persia
0%
Which of the following is considered an energy source? Petroleum
0%
Eyeglasses are composed of quartz, sand, and what? Petroleum
0%
Who owned everything in ancient Egyptian Kingdoms? Pharaoh
0%
What was the original purpose of the Great Pyramid of Giza? Pharaoh Khufu’s tomb
0%
What was the original purpose of the Great Pyramid of Giza? Pharoah Khufu's tomb
0%
Who founded the “Spanish Armada”? Philip II
0%
The Greek alphabet originated from which other writing system? Phoenician
0%
Under normal circumstances, which layer of the sun can we see with the naked eye? Photosphere
0%
"Who is considered the ""Father of Modern Olympic Games""?" Pierre de Coubertin
0%
"Which philosopher wrote ""Utopia""?" Plato
0%
Who wrote “The Symposium”? Plato
0%
Which school of painting would Georges Seurat be a representative of? Pointillism
0%
Which of the following accurately describes the Arctic Circle Polar Day and Polar Night are phenomenons that occur there
0%
Which two cities does Portugal's Dom Luis Bridge connect? Porta, Vila Nova de Gaia
0%
Which of the following is Zeus' elder brother in Geek Mythology? Poseidon
0%
Elder brother of Zeus Poseidon
0%
Which of the following kingdom title descriptions are INCORRECT? Prime minister has increased troop attack.
0%
"Who was called ""Napoleon of crime"" in some of the Sherlock Holmes stories?" Professor Moriarty
0%
Which of the following is not an objective of Greek mythology? Provide a path for salvation
0%
Which of the following is not an objective of Greek mythology? Provide path of salvation
0%
During China's Warring States Period, which state defeated the other six and built the unified Chinese empire? Qin
0%
Which Pharaoh ordered the construction of the Abu Simbel temples? Ramesses II
0%
The four major varieties of Guzheng in Ancient China were the Haozhong, Luqi, Jiaowei, and the...? Raoliang
0%
The Pantheon has been the burial site of many important artists since the Renaissance. Which of the following artists were buried there? Raphael
0%
Which artist is buried at the Pantheon? Raphael
0%
What is the root cause of altitude sickness ? Rapid exposure to low amounts of oxygen at high elevation
0%
Of the 12 Chinese zodiac animals, which comes first? Rat / Mouse
0%
Renaissance painters in Flanders, as in Italy, tended to produce what type of artwork? Realistic
0%
Santa Claus travels on a sleigh pulled by what animal? Reindeer
0%
"Apart from ""Times You Can Be Helped"" and ""Power"", which of the following Alliance Center parameters can also be upgraded?" Reinforcement Troop Capacity
0%
Which of the following is not King Skill? Relief
0%
Which is NOT a King Skill? Relief
0%
Which period of European history, lasting from 1300 to 1600, saw renewed interest in classical culture and led to far-reaching changes in art, learning, and views of the world? Renaissance
0%
Which country was Marco Polo, a famous explorer and merchant, born in? Republic of Venice
0%
Which commander signed a peace treaty with Saladin in 1192? Richard I
0%
Which of the following commanders excels at leading infantry? Richard I
0%
Which of the following illnesses can be caused by a lack of vitamin D? Rickets
0%
Which of these cities in Brazil has hosted the Olympic Games? Rio de Janeiro
0%
Which inventor built the world’s first electric locomotive in 1837? Robert Davidson
0%
According to the tale of the She-wolf in Roman mythology, what came of the twins she nurtured, Romulus and Remus? Romulus became the founder and first King of Rome
0%
According to the tale of the She-wolf in Roman mythology, what came of the twins she nurtured, Romulus and Remus? Romulus became the founder and the first king of Rome
0%
What discovery made the deciphering of hieroglyphics possible ? Rosetta stone.
0%
Charles Macintosh crafted a very early version of a raincoat from which material? Rubber
0%
What four words saying did Oda Nobunaga live by? Rule With Absolute Force
0%
Where did King John of England agree to the Magna Carta in 1215? Runnymede
0%
Whose victory was the orchestral work “1812 Overture” composed to ommemorate? Russian Empire
0%
Which of the following was an enemy of Richard the Lionheart? Saladin
0%
Which of the following serves as the national flower of the Philippines? Sampaguita
0%
What is the capital of the Republic of Chile? Santiago
0%
Which commander is named death hydromel? Sarka
0%
Which commander was nicknamed mead of death? Sarka
0%
Which technology comes right before Heavy Cavalry? Scale Armor
0%
Raphael is best known for his creation of which of the following? School of Athens
0%
Raphael is best known for? School of Athens
0%
Which of the following structures is a military building? Scout Camp
0%
Which of the following is a military building? Scout Camp
0%
"Apart from ""Number of Scouts"" and ""Power"", which of the following Scout Camp parameters can also be upgraded?" Scout March Speed and Exploration Range
0%
Which of the following was NOT invented in China? Seismographs
0%
Of the below commanders, which is best suited to lead troops when gathering resources? Seondeok
0%
"Why was British nurse Florence Nightingale known as ""The Lady with the Lamp""?" She would inspect patients at night
0%
For which disease did Edward Jenner, known as the father of immunology, develop a vaccine ? Smallpox
0%
The three great philosophers of ancient Greece were Plato, Aristotle, and? Socrates.
0%
Who was Plato’s teacher? Socrates
0%
What is the main ingredient in salt? Sodium chloride
0%
Which of the following describes a monotheist? Someone who warships 1 god.
0%
In which region was the empire of Srivijaya located? Southeast Asia
0%
Which European country's king funded Christopher Columbus' famous expedition? Spain
0%
In which country did the Carlist Wars take place during the 19th century? Spain
0%
Who funded Christopher Colombus's travels? Spain
0%
The saying, “The Empire on which the sun never sets” was originally used in reference to which country’s empire? Spain
0%
The epic “Poem of El Cid” originated from which country? Spain
0%
Which city-state of Ancient Greece was known for its Brutal military training and bravery? Sparta
0%
Which of the following cat breeds is known for being hairless? Sphynx
0%
The cone-shaped winds of tornadoes are notable for doing what? Spinning
0%
What are the wind-shaped cones of tornadoes famous for? Spinning
0%
Which of the following physicists was born on the death anniversary of Galileo Galilei, and died on the birth anniversary of Albert Einstein? Stephen Hawking
0%
Who wrote the well-known book “A Brief History of Time”? Stephen Hawking
0%
Where was Napoleon Bonaparte exiled after his defeat at Waterloo? St. Helena
0%
Which of the following is a decorative building? Stone Drum
0%
French National Day is on July 14 in order to coincide with which historical event? Storming of the Bastille
0%
During which season are nights relatively short and days relatively long? Summer
0%
"What does alliance skill ""nature's gift"" do?" Summon resources point in a selected area (cannot be used in the lost kingdom)
0%
Keira once defied the world's expectations about her in a glorious battle. Where did this battle take place? Sunset Canyon
0%
Who wrote the Art of War? Sun Tzu
0%
Of the below commanders, which is best suited to lead troops AGAINST cavalry enemies? Sun Tzu
0%
What is China's earliest known book of military strategy? "Sun Tzu's ""The Art of War"""
0%
The more genetic variation a population has, the more likely it is that some individual will what? Survive
0%
Which city hosted the 2000 Summer Olympics? Sydney
0%
Which landmark in Sydney, Australia is shaped like sails? Sydney Opera House
0%
Which of the following was built at the order of Shah Jahan in the memory of his wife Mumtaz Mahal? Taj Mhal
0%
What is the softest material known to mankind? Talc
0%
Which school of thought was founded by the Chinese philosopher Lao Tzu? Taoism
0%
Which of the following inventions did not come about during the first industrial revolution? Telephone
0%
Who were the first mountaineer(s) on record to reach the summit of Mt.Everest? Tenzing Norgay and Edmund Hilary
0%
Who is the “God of Death” in ancient Greek mythology? Thanatos
0%
When were bicycles introduced to Europe? The 19th century
0%
Which continent was the birthplace of Mayan civilization? The Americas
0%
Which is the longest continental mountain range on earth? The Andes
0%
Which of the following did NOT occur during the Greco-Persian Wars? The Battle of Agincourt
0%
During the Second Punic War, in which battle did a vastly outnumbered Hannibal defeat a Roman army? The Battle of Cannae
0%
Which city defeated Sparta in the “Battle of Leuctra”? Thebes
0%
"What were the men and women hiding from on the outskirts of Florence in the novella collection ""The Decameron""?" The Black Plague
0%
What were the men and women hiding from on the outskirts of Florence in the novella collection 'The Decameron'? The Black Plague
0%
Which of the following is not a reason why the renaissance began in Italy? The black plague did not hit Italy as a result of the alps
0%
What is the name of the Turkish straits that divide Europe from Asia? The Bosphorus
0%
What can “Masonry” technology help you to improve? The building speed of buildings in your city
0%
To which army did the “Varangian Guard” belong? The Byzantine army
0%
Which of these is an incorrect description of the “Battle of Poitiers”? The campaign took place during World War I
0%
Which part of the brain will alcohol affect? The Cerebellum
0%
Which of the Babylonian Codes of Law was the first full set of written laws in recorded history? The Code of Hammurabi
0%
Which building was originally built in London to house the Great Exhibition of the Works Industry of All Nations held in 1851? The Crystal Palace
0%
"The ""American Dream"" is rooted in which of these documents?" The Declaration of Independence
0%
What is the primary cause of karst landforms? The dissolution of soluble rocks
0%
What causes lunar eclipses? The earth moves directly between the sun and the moon
0%
In what era of Chinese history did the “Battle of Fei River” take place where a small number of soldiers conquered a vastly superior force? The Eastern Jin Dynasty
0%
The Phoenician civilization originated in which part of the world? The Eastern Mediterranean
0%
Who won the Trojan war? The Greeks
0%
Which of the seven wonders of the world were created to cure the new Queen of Babylon's homesickness? The Hanging Gardens
0%
Why was the dead sea given this name? The high-saline water prevents plants and animals from thriving near it.
0%
Who did Boudica lead the tribes of Britain in a revolt against? The Holy Roman Empire
0%
Queen Victoria of England was part of which royal house? The house of Hanover
0%
Which was the only ancient civilization to develop in a tropical jungle rather than a river basin? The Incas
0%
Lost City The Incas
0%
"Which ancient civilization built the ""Lost City"" of Machu Picchu?" The Incas
0%
“Machu Picchu” is a notable relic of which civilization? The Incas
0%
What causes the distinctive smell in the air after it rains? The influence of actinomycetes
0%
After a Venus Flytrap catches an insect, how does it digest and absorb the prey? The inner flaps of the leaves secrete a digestive fluid
0%
What was Belisarius nickname? The last of romans
0%
Which of these two were created by Leonardo da Vinci? The Last Supper, Mona Lisa
0%
Which of these two were created by Leonardo da Vinci? The Last Supper, Mona Lisa
0%
Which was a lighthouse built after Macedonia conquered Egypt and waste of the seven wonders of the ancient world? The Lighthouse of Alexandria
0%
Which of the following stories is not one of Grimms' Fairy Tale? The Little Mermaid
0%
In which gallery is the Mona Lisa currently held? The Louvre
0%
Which is the deepest known trench in the world? The Mariana trench
0%
Why do frogs and other organisms produce so many eggs/offspring? the more offspring produced the more likely they will survive
0%
Where did the soldiers of Ancient Rome get their weapons and armor? Themselves
0%
The Taj Mahal was built during which Indian Dynasty? The Mughal Dynasty
0%
In which country was the microscope invented? The Netherlands
0%
Which of these Nobel Prizes was awarded to Marie Curie in 1903? The Nobel Prize in Physics
0%
What two major works are attributed to homer? The Odyssey and the Iliad
0%
Which group conquered the Byzantine Empire? The Ottomans
0%
Which of the following civilizations cannot buff their cavalry? The Ottomans
0%
Which two oceans does the Panama Canal connect? The Pacific and Atlantic Oceans
0%
Which of these buildings is NOT one of the New Seven Wonders of the World? The Palace of Versailles
0%
The four biggest musicals in the world are Cats, Les Miserables, Miss Saigon, and? The Phantom of the Opera
0%
The “Battle of Las Navas de Tolosa” was a major turning point in which conflict? The Reconquista
0%
What is the champion Keira's nickname? The Red Chameleon
0%
Northern Humanists Like Erasmus were most Commonly Known for what? The Religions
0%
"What does the word ""Formua"" in ""Formula 1 Racing"" refer to?" The rules which participating cars must follow
0%
What useful tool did famed carpenter Lu Ban invent? The saw
0%
After its foundation in the 6th century BCE, which institution of the Roman Republic served as a consultative parliament? The Senate
0%
Which of the following works is based on the Battle of Roncevaux Pass, fought by Charlemagne and his knights? The Song of Roland
0%
The concept of ‘separation of powers’ comes from which work by Montesquieu? The Spirit of Law
0%
What is the name of the Turkish straits that divide Europe from Asia? The Strait of Gibraltar
0%
Which ethnic group founded the earliest civilization of Mesopotamia? The Sumerians
0%
Which of these is not an ancient civilization of the Americas? The Sumerians
0%
Which of these works of Japanese Monogatari literature describes the legend of “Kaguya-hime”? The Tale of The Bamboo Cutter
0%
In Which theater was Beethoven's Symphony No.5 in C Minor debuted in 1808? The Theater and der Wien
0%
Homer's 'The Iliad' focuses on events happening during which war or battle? The Trojan War
0%
What is Julius Caesar’s nickname? The uncrowned king
0%
Which of these countries did NOT participate in the Northern Seven Years’ War(1563-1570)? The United Kingdom
0%
Which of the following is NOT a “low country” of Europe? The United Kingdoms
0%
Which war was fought between the Bristish houses of Lancaster and York for the throne of England? The Wars of the Roses
0%
Which war ended the rule of the House of Plantagenet and began the rule of the Tudors in England? The Wars of the Roses
0%
Which war was fought between British houses of Lancaster and York for the throne of England? The Wars of the Roses
0%
“Tongwancheng” was the capital of which ethnic group from ancient China? The Xiongnu
0%
China's Temple of Heaven was built during the reign of which emperor? The Yongle Emperor (Zhu Di)
0%
Which Chinese dynasty did Jiang Ziya help to establish? The Zhou Dynasty
0%
In Norse mythology, who does the hammer Mjolnir belong to? Thor
0%
Which god is Taranis in Celtic mythology? Thunder God
0%
Which of the following is NOT one of Belisarius' skills? Thunderous Force
0%
Which of the followong is NOT one of Baybar´s skills? Thunderous Force
0%
What animal is the “Tigris” named after in ancient Greek? Tiger
0%
During which emperor's reign was the Roman Colosseum completed? Titus
0%
Pandas have 5 clawed toes on as well as a sixth digit. What do pandas use their sixth digit for? To hold bamboo while eating.
0%
Founder of Edo Bakufu Tokugawa Ieyasu
0%
First general of the Edo shogunate? Tokugawa Ieyasu
0%
Which prominent statesman served as the first general of the Edo shogunate at the end of Japan's Warring States period? Tokugawa Ieyasu
0%
Which Prominent statesman served as the first general of the Edo Shogunate at the end of Japan's warring states period? Tokugawa Ieyasu
0%
Who was the founder of the Edo Bakufu of Japan? Tokugawa Ieyasu
0%
"Which of the following fruits, known as ""wolf peach"", were erroneously thought to be poisonous?" Tomatoes
0%
"Which of the following juice is contained in the classic cocktail ""Bloody Mary""?" Tomato Juice
0%
Which commander was paired with Minamoto? Tomoe Gozen
0%
Which of the following was a general during Japan's Genpei War? Tomoe Gozen
0%
Which of these was the only commander to defeat Cyrus the great in battle? Tomyris
0%
What is the hardest part of the human body? Tooth Enamel
0%
When catching and releasing deep sea fish,why is it important to pierce their swim bladder? To prevent them from dying of distended swim bladders
0%
Why were the bow and stern of Viking longboats designed to be symmetrical? To reverse direction quickly without a turn around
0%
When did dinosaurs first exist? Triassic
0%
Which of the following best describes a Clownfish? Tropical marine fish
0%
Which country is Catalhoyuk (Çatalhöyük) located in? Turkey
0%
"The ""Independence March"" is the national anthem of which country?" Turkey
0%
Which of these countries is NOT a founding member of NATO (in 1949)? Turkey
0%
Which ancient Egyptian pharao’s tomb did British archaeologist Howard Carter discover in 1992? Tutankhamun
0%
What is Julius Caesar's nickname? Uncrowned king
0%
Which country started the tradition of the 8-hour workday? United Kingdom
0%
Which of the following is NOT one of Keira's skills? Unruly Blood
0%
What are the Books of Covenant used for? Upgrading Castle
0%
What are Arrows of Resistance used for? Upgrading Watch Tower
0%
Who designed the “Ottoman Cannon”? Urban
0%
In which country was air conditioning invented? USA
0%
Elbe day was the meeting of which two armies during World War II? USA, USSR
0%
Which of the following is NOT one of Lohar's skills? Utter Annihilation
0%
Who is responsible for ushering valiant warriors into Valhalla upon death in Norse mythology? Valkyrie
0%
The differences among a species, like different bird beaks, are called Variations
0%
Which Portuguese explorer sailed from the Cape of Good Hope to India? Vasco de Gama
0%
Of the following nations, which has the smallest area? Vatican City
0%
In which country was the famed revolutionary and military strategist Simón Bolívar born? Venezuela
0%
What is the world's oldest film festival? Venice Film Festival
0%
Who is the mother of Cupid, the baby-faced god of love in Roman mythology? Venus
0%
Who was the first King of Italy after its unification in 1861? Victor Emmanuel II
0%
From the 8th to the 11th century CE, what did Europeans frequently call the Scandinavian invaders who frequently ravaged their lands? Vikings
0%
Which of these artists was NOT a Baraque painter? Vincent Van Gogh
0%
Which of these items can NOT be obtained by defeating barbarians? VIP Points
0%
Which of the following vitamins is most helpful for maintaining good vision? Vitamin A
0%
Broccoli is rich in which Vitamin? Vitamin C
0%
Which composer wrote the opera “The ring of the Nibelung”? Wagner
0%
Which war was fought between the British? War of Roses
0%
Which of the following is a nonrenewable energy source? Water
0%
What provided the major economic support for the renaissance? Wealthy Patrons
0%
Which of the following doctors was the first to describe completely, and in detail, the systemic circulation and the function of the heart? William Harvey
0%
Who came out the victor of the “Battle of Hastings”? William the Conqueror
0%
Which of the following is NOT a suit in poker? Winds
0%
What was the regnal name of the last emperor of China's Qing Dynasty? Xuantong
0%
Which of the following is the world's first national park? Yellowstone National Park
0%
"Which of the following is another name for the ""Black Death"" that raged across the Europe during the Late Middle Ages?" Yersinia pestis
0%
Which of the following commanders excels at leading archers? Yi Seong-Gye
0%
Who founded the joseon dynasty? Yi Seong-Gye
0%
Which commander is nicknamed “Bow of Revolution”? Yi Seong Gye
0%
Who was the first astronaut to enter outer space? Yuri Gagarin
0%
Who wrote the well-known book “Sapiens: A Brief History of Humankind”? Yuval Noah Harari
0%
In ancient Greek mythology, who was Hermes father? Zeus
0%
In China's Han Dynasty, who opened the Silk Road on the orders of Emperor Wu? Zhang Qian
0%
No matching quizzes found
Score Distribution
Percent of People with Each Score
Percentile by Number Answered
Your Score History
You have not taken this quiz